Fundamentals Of Biology Of Animals (Record no. 33662)

MARC details
000 -LEADER
fixed length control field 00466nam a2200181Ia 4500
008 - FIXED-LENGTH DATA ELEMENTS--GENERAL INFORMATION
fixed length control field 220531s9999 xx 000 0 und d
041 ## - LANGUAGE CODE
Language code of text/sound track or separate title eng
082 ## - DEWEY DECIMAL CLASSIFICATION NUMBER
Classification number 570.1
Item number ADH / SIN
100 ## - MAIN ENTRY--PERSONAL NAME
Personal name Adhikari, S. A. / Sinha, A. K.
9 (RLIN) 58754
245 ## - TITLE STATEMENT
Title Fundamentals Of Biology Of Animals
250 ## - EDITION STATEMENT
Edition statement 3RD
260 ## - PUBLICATION, DISTRIBUTION, ETC. (IMPRINT)
Place of publication, distribution, etc. Kolkata
Name of publisher, distributor, etc. New central
Date of publication, distribution, etc. 1980
300 ## - PHYSICAL DESCRIPTION
Extent 287
542 ## - INFORMATION RELATING TO COPYRIGHT STATUS
Copyright holder 17-08-2013
650 ## - SUBJECT ADDED ENTRY--TOPICAL TERM
Topical term or geographic name as entry element Biology
9 (RLIN) 58755
906 ## - LOCAL DATA ELEMENT F, LDF (RLIN)
d 2013-2014
Holdings
Withdrawn status Lost status Source of classification or shelving scheme Damaged status Not for loan Collection code Home library Current library Date acquired Vendor Cost, normal purchase price Total Checkouts Total Holds Full call number Barcode Date last seen Bill Date Koha item type Original Barcode
    Dewey Decimal Classification       Shri Siddhivinayak Mahila Mahavidyalaya Shri Siddhivinayak Mahila Mahavidyalaya 17/08/2013 Creative Book Service 185.00   1 570.1/ADH / SIN/B/14664 SSMM-BK-14664 06/08/2022 06/08/2022 Books 010014664